Top UK Websites Quiz - Statistics

General Stats
  • This quiz has been taken 52 times
  • The average score is 20 of 50
Answer Stats
# Description Website % Correct
1 Search google.co.uk
100%
5 Broadcasting bbc.co.uk
96%
2 Videos youtube.com
96%
3 Social Media facebook.com
94%
4 Shopping amazon.co.uk
85%
10 Social Media twitter.com
85%
7 Encyclopedia wikipedia.org
85%
15 Social Media instagram.com
81%
6 Shopping ebay.co.uk
75%
43 Telecoms sky.com
75%
20 Payments paypal.com
71%
22 Streaming netflix.com
58%
33 Computing microsoft.com
56%
8 Portal yahoo.com
54%
23 Search bing.com
50%
44 Banking hsbc.co.uk
48%
12 Forums reddit.com
48%
41 Telecoms bt.com
44%
35 Computing apple.com
42%
16 News dailymail.co.uk
42%
24 Government gov.uk
42%
36 Banking lloydsbank.co.uk
42%
45 Shopping tesco.com
40%
17 News theguardian.com
40%
38 Real Estate rightmove.co.uk
38%
19 Movies imdb.com
35%
27 Portal msn.com
33%
34 News telegraph.co.uk
31%
39 Video Games twitch.tv
29%
18 Image Hosting imgur.com
27%
21 Social Media tumblr.com
27%
49 Banking santander.co.uk
25%
46 Social Media pinterest.com
21%
11 'Banter' theladbible.com
21%
13 Social Media linkedin.com
19%
48 Travel tripadvisor.co.uk
19%
40 Classifieds gumtree.com
15%
47 Telecoms virginmedia.com
13%
37 Wiki Hosting wikia.com
13%
50 News independent.co.uk
10%
28 Shopping argos.co.uk
8%
9 Portal live.com
8%
30 Blogging wordpress.com
8%
42 Programming stackoverflow.com
4%
32 Software microsoftonline.com
2%
29 Software office.com
2%
26 Sport thesportbible.com
2%
14 Aggregator diply.com
0%
25 Sport givemesport.com
0%
31 Social Media vk.com
0%
No matching quizzes found
Score Distribution
Percent of People with Each Score
Percentile by Number Answered
Your Score History
You have not taken this quiz